000 00485nam a22001817a 4500
008 180221b xxu||||| |||| 00| | tur d
020 _a9786056063534
041 _atur
050 _aPL248.B79
100 _9997
_aBedia Koçakoğlu
245 _aAşkın Şizofrenik Hâli : Sevim Burak
250 _a1.Baskı
260 _aKonya
_bPalet Yayınları
_cNisan 2009
300 _a432 Sayfa
500 _aPalet Yayınları : 14
650 0 _9145
_aTürk Edebiyatı
942 _2lcc
_cBK
999 _c1882
_d1847